| 000 -LEADER |
| fixed length control field |
00663 a2200193 4500 |
| 008 - FIXED-LENGTH DATA ELEMENTS--GENERAL INFORMATION |
| fixed length control field |
210812b ||||| |||| 00| 0 eng d |
| 020 ## - INTERNATIONAL STANDARD BOOK NUMBER |
| International Standard Book Number |
9781408176061 |
| 082 00 - DEWEY DECIMAL CLASSIFICATION NUMBER |
| Classification number |
623.8503 |
| Item number |
L3998 |
| 100 ## - MAIN ENTRY--PERSONAL NAME |
| Personal name |
Lavers, Christopher |
| 245 ## - TITLE STATEMENT |
| Title |
Reeds Vol 6: Basic electrotechnology for marine engineers / |
| 250 ## - EDITION STATEMENT |
| Edition statement |
4th ed. |
| 260 ## - PUBLICATION, DISTRIBUTION, ETC. (IMPRINT) |
| Place of publication, distribution, etc |
London: |
| Name of publisher, distributor, etc |
Adlard Coles Nautical, |
| Date of publication, distribution, etc |
2013. |
| 300 ## - PHYSICAL DESCRIPTION |
| Extent |
xv, 512 p. |
| 490 0# - SERIES STATEMENT |
| Series statement |
Reeds Marine Engineering and Technology |
| 650 #0 - SUBJECT ADDED ENTRY--TOPICAL TERM |
| Topical term or geographic name as entry element |
Boats and boating-Electric equipments |
| 700 ## - ADDED ENTRY--PERSONAL NAME |
| 9 (RLIN) |
1274 |
| Personal name |
Kraal, Edmund G. R. |
|
| 9 (RLIN) |
5139 |
| Personal name |
Buyers, Stanley |
| 942 ## - ADDED ENTRY ELEMENTS (KOHA) |
| Source of classification or shelving scheme |
|
| Item type |
Books |